000 01109nam a2200325 a 4500
001 000114176
003 CHAP
005 20220329144430.0
008 171110s2017 mx |s| ||||||spa d
010 _a110637
011 _a111609
020 _a9786071204615
040 _cCHAP
090 _aCD-478
245 0 0 _aTerritorio, turismo, ambiente tecnologico
_h[Disco compacto]
_ccoordinado por José Alfredo Castellanos Suárez.
260 _aChapingo, Méx. :
_bUACH.,
_c2017.
300 _a1 CD ROM ;
_c4 3/4 plg.
590 _aE11695DGD
_b10
_c20171112
_lUCH01
_h1241
590 _aE5765TAJ
_b05
_c20171110
_lUCH01
_h0844
590 _aE5765TAJ
_b05
_c20171110
_lUCH01
_h0845
650 1 4 _aAgricultura
_xInnovaciones tecnológicas.
_91565
650 1 4 _aDesarrollo de la comunidad rural
_zAspectos socioeconómicos.
_9133913
650 1 4 _aTecnología sustentable
_xImpacto socioeconómico.
_9132289
650 1 4 _aTerritorialidad humana.
_9124652
650 1 4 _aTurismo sustentable.
_9131608
700 0 _aCastellanos Suárez, José Alfredo
_ecoord.
_920024
901 _aBK
942 _cCD
942 _n0
999 _c110637
_d110637